000 00431nam a22001817a 4500
003 MPLRDC
005 20220104171554.0
008 210129b ||||| |||| 00| 0 eng d
020 _a978-0-45141-491-5
082 _a528.9468 DAV
100 _aBEN DAVIS
245 _aDO LIFE
_c
250 _a1ST ED.
260 _aU.S.A.
_bPENGUIN BOOKS LTD
_c2013
300 _b326
650 _aMARATHON RUNNING
942 _cBK
_o528.9468 DAV
999 _c58513
_d58503